00221nam a2200097Ia 4500008004100000082001400041100002200055245001400077260002000091600001200111241002s9999 xx 000 0 und d a928.1 SAR aSartre, Jean Paul 4aThe Words aNew York:c1966 aHistory